Guess the Halloween Candy by the Picture - Statistics

General Stats
  • This quiz has been taken 490 times
  • The average score is 9 of 11
Answer Stats
Picture Answer % Correct
Kit Kat
97%
Gummy Bear
96%
Candy Corn
94%
Reese's
88%
Crunch
87%
Sour Patch Kids
87%
Snickers
78%
Tootsie Roll
74%
Hershey
72%
Butterscotch
48%
Butterfinger
44%
No matching quizzes found
Score Distribution
Percent of People with Each Score
Percentile by Number Answered
Your Score History
You have not taken this quiz